Pedagogía del cólera /
La epidemia del cólera. Cómo prevenir una reinfección. Peligro latente. Actividad médica en zonas de riesgo. Testimonio de pobladores y funcionarios. Cuadro de situación: Jujuy, Formosa. Escasez de agua. Aborígenes. Pobreza.
Guardado en:
| Autor Principal: | |
|---|---|
| Formato: | |
| Series: | Historias de la Argentina secreta
|
| Materias: | |
| Etiquetas: |
Agregar Etiqueta
Sin Etiquetas, Sea el primero en etiquetar este registro!
|
| LEADER | 01141ngm a22003135g 4500 | ||
|---|---|---|---|
| 001 | CEM.cems021895 | ||
| 008 | 130507b1993##################0###0#####d | ||
| 005 | 20240919144214.0 | ||
| 245 | 1 | 0 | |a Pedagogía del cólera / |c Borroni. O, Vacca. R. |
| 300 | |a 43 | ||
| 490 | 0 | |a Historias de la Argentina secreta | |
| 500 | |a En soporte VHS, consultar en ventanilla. | ||
| 538 | |a Soporte: VHS - Norma: Pal N - Color - Grabación DRD 1993 - Hitachi=4786 | ||
| 520 | |a La epidemia del cólera. Cómo prevenir una reinfección. Peligro latente. Actividad médica en zonas de riesgo. Testimonio de pobladores y funcionarios. Cuadro de situación: Jujuy, Formosa. Escasez de agua. Aborígenes. Pobreza. | ||
| 100 | 1 | |a Borroni, O. | |
| 082 | 6 | 1 | |. 9/ENF |
| 653 | |a MEDICINA | ||
| 653 | |a SOCIOLOGIA | ||
| 653 | |a ENFERMEDADES | ||
| 653 | |a EDUCACION PARA LA SALUD | ||
| 653 | |a COLERA | ||
| 653 | |a ARGENTINA-ENFERMEDADES | ||
| 653 | |a POBREZA | ||
| 653 | |a ABORIGENES | ||
| 653 | |a SALUD | ||
| 653 | |a AGUA | ||
| 653 | |a NIVEL PRIMARIO | ||
| 653 | |a NIVEL INICIAL | ||
| 859 | |a CEMS |b BIB. CEMS - Depto. Recursos Didacticos |h 616.9 |i ENF |k DRD |p 538.12 |t Ej.1 | ||
